000 00439nam a2200181Ia 4500
001 722
005 20260306140538.0
008 260306t1970||||xx |||||||||||||| ||spa||
041 _aESP
082 _a146.32
_bA76
100 _aAron, Raymond
_eAUT
245 0 _aMarxismes imaginaires:
_bd'une saint famille a l'autre
260 _c1970
300 _a377 páginas :
_c16 cm.
650 _aGEN
654 _aCHU
942 _cLIB
_dJUS
_fJUS
_2ddc
_n
999 _c722
_d722